000 00610nam a2200229Ia 4500
003 OSt
005 20220928101707.0
006 a|||||r|||| 00| 0
007 ta
008 220927b |||||||| |||| 00| 0 eng d
024 _a58965
037 _cTextual
040 _aSDCL
_cSDCL
_beng
041 _2eng
_aeng
082 _aR64, M0
100 _aShastri Pashupathinath
_9393786
245 0 _aIntroduction to the purva mimamsa.
260 _aDelhi
_bChaukhamha Orientalia
_c1980
300 _a112p
_ccm.
942 _hR64, M0
_cTEXL
_2CC
999 _c709363
_d709363